Statistics for NBA 2010s Top Season-High by Season

Click here to take the quiz!

General Stats

  • This quiz has been taken 42 times
  • The average score is 40 of 55

Answer Stats

Answer % Correct
James Harden
100%
LeBron James
100%
Kemba Walker
100%
John Wall
100%
Russell Westbrook
100%
DeMar DeRozan
100%
Anthony Davis
100%
Damian Lillard
100%
David West
100%
Kevin Durant
100%
Stephen Curry
100%
Klay Thompson
100%
Giannis Antetokounmpo
98%
Devin Booker
98%
Kyrie Irving
98%
Kobe Bryant
98%
Carmelo Anthony
98%
Karl-Anthony Towns
98%
LaMarcus Aldridge
95%
Paul George
95%
Blake Griffin
95%
Isaiah Thomas
93%
CJ McCollum
93%
Bradley Beal
93%
Dwyane Wade
93%
Jimmy Butler
90%
DeMarcus Cousins
90%
Lou Williams
88%
Mo Williams
88%
Deron Williams
88%
Chris Bosh
85%
Kevin Love
83%
Paul Pierce
80%
Dwight Howard
78%
Monta Ellis
63%
Jamal Crawford
60%
Gilbert Arenas
58%
Amar'e Stoudemire
55%
Vince Carter
53%
Jeff Green
50%
Pau Gasol
50%
Terrence Ross
43%
Ben Gordon
43%
Brandon Jennings
35%
Corey Brewer
33%
Danny Granger
33%
Danilo Gallinari
30%
Al Jefferson
28%
Paul Millsap
28%
Kevin Martin
25%
Andre Miller
25%
O.J. Mayo
10%
Arron Afflalo
10%
Nick Young
8%
Luis Scola
8%

Score Distribution

Percentile by Number Answered

Percent of People with Each Score

Your Score History

You have not taken this quiz